1964 1140 1889 1403 1894 1056 1824 1256 1277 1161 1262 1550 1279 1092 1776 1940 1253 1540 1630 1499 1114 1683 1081 1732 1557 1969 1021 1249 1691 1299 1016 1205 1319 1411 1689 1472 1465 1741 1093 1907 1365 1471 1394 1687 1062 1551 1225 1348 1502 1493 1670 1994 1119 1683 1206 1864 1464 1959 1055 1943 1631 1196 1249 1400 1305 1942 1858 1110 1669 1190 1382 1447 1389 1704 1050 1562 1138 1537 1304 1138 1831 1584 1015 1665 1488 1559 1909 1717 1411 1743 1066 1142 1063 1593 1617 1977 1813 1135 1254 BCNSPRNW ULIB Ver.6.0+V

เปลี่ยนเป็นภาษาไทย

Change to English
 แสดงรายละเอียดบรรณานุกรม
  กลับหน้าหลัก

Brief Record : Get Marc (ISO 2709) : E-mail record : QR code < ปิดหน้าต่าง
LEADER : 00000nam 2200000uu 4500
001    13399126293
003     ULIB
008    180904s2560||||th 000 0 tha d
020    ^a9786169168782
060    ^aWY152^bพ53ก
100    ^aเพ็ญจันทร์ แสนประสาน, บก
245    ^aการพยาบาลโรคหัวใจและหลอดเลือดหัวใจ/^bเพ็ญจันทร์ แสนประสาน, บก
250    ^aพิมพ์ครั้งที่ 1
260    ^aกรุงเทพฯ :^bบริษัทสุขุมวิทการพิมพ์,^c2560
300    ^a153 หน้า
650    ^aโรคหัวใจ--การพยาบาล
650  0 ^aหลอดเลือดหัวใจ--การพยาบาล
945    ^p250^l0^i26503
945    ^p250^l0^i26504
999    ^aกัณชพร จุลอักษร
รายการนี้ยังไม่มีแท็ก
คุณยังไม่ได้ล็อกอิน คุณสามารถมีกิจกรรมร่วมกับเว็บไซต์ได้ แต่ต้องล็อกอินก่อน ::
  ล็อกอิน

รายการสื่อสารสนเทศ

ลำดับที่ ประเภท เลขเรียก/บาร์โค้ด สถานที่ สถานะ
1. หนังสือสำรอง
หนังสือสำรอง
WY152 พ53ก ฉ.1 
  Barcode: 26503
ห้องสมุดวิทยาเขตนครสวรรค์
►หนังสือทั่วไป:l:General Books
บนชั้น
2. วิทยาศาสตร์การแพทย์ และสุขภาพ
วิทยาศาสตร์การแพทย์ และสุขภาพ
WY152 พ53ก ฉ.2 
  Barcode: 26504
ห้องสมุดวิทยาเขตนครสวรรค์
►หนังสือทั่วไป:l:General Books
บนชั้น

รายการใกล้เคียง
    ผู้แต่ง [เพ็ญจันทร์ แสนประสาน, บก]

    หัวเรื่อง [โรคหัวใจ--การพยาบาล]
    หัวเรื่อง [หลอดเลือดหัวใจ--การพยาบาล]

BibComment


ยังไม่เคยถูกคอมเมนท์

คอมเมนท์ทรัพยากรรายการนี้
  คอมเมนท์: การพยาบาลโรคหัวใ..


 Copyright 2026. Bcnsprnw @Library